South Eastern Kenya University

Library Online Public Access Catalogue


Physical methods in organic chemistry, (Record no. 2255)

MARC details
000 -LEADER
fixed length control field 00329cam a22001211 4500
050 00 - LIBRARY OF CONGRESS CALL NUMBER
Classification Number QD476
Item Number .S3
100 1# - MAIN ENTRY--Author
Personal name Schwarz, J. C. P.
245 10 - TITLE
Title Physical methods in organic chemistry,
Statement of responsibility, etc edited by J. C. P. Schwarz.
260 ## - PUBLICATION, DISTRIBUTION, ETC.(IMPRINT)
Place of publication, distribution, etc Edinburgh,
Name of publisher, distributor, etc Oliver & Boyd,
Date of publication, distribution, etc 1964.
300 ## - PHYSICAL DESCRIPTION
Extent xi, 350 p.
650 #0 - SUBJECT--TOPIC
General subdivision organic chemistry
942 ## - ADDED ENTRY ELEMENTS(KOHA)
Koha item type General circulation
Holdings
Source of classification or shelving scheme Not for loan Location (home branch) Sublocation (holding branch) Date accessioned Cost, normal purchase price Full call number Barcode Cost, replacement price Koha item type Public note
Library of Congress Classification   Main Campus Library Main Campus Library 28/08/2014 1300.00 QD476 .S3 2019/022759 1800.00 General circulation jm
Kitui, Kenya.
+254736116989
library@seku.ac.ke